Kinh tế học
Đây là một giáo trình kinh tế học hiện đại được dùng trong các trường đại học nhiều nước. Sách trình bày các vấn đề cơ bản một cách có hệ thống, ngắn gọn và dễ hiểu, các định nghĩa chuẩn xác, có nhiều ví dụ minh họa cho lí thuyết. C...
Shranjeno v:
| Glavni avtor: | |
|---|---|
| Format: | Knjiga |
| Jezik: | Undetermined |
| Izdano: |
Hà Nội
Viện quan hệ Quốc tế
1989
|
| Teme: | |
| Oznake: |
Označite
Brez oznak, prvi označite!
|
| Thư viện lưu trữ: | Trung tâm Học liệu Trường Đại học Cần Thơ |
|---|
| LEADER | 01332nam a2200229Ia 4500 | ||
|---|---|---|---|
| 001 | CTU_224007 | ||
| 008 | 210402s9999 xx 000 0 und d | ||
| 020 | |b 41000 | ||
| 082 | |a 330 | ||
| 082 | |b S193/T.1 | ||
| 100 | |a Samuelson, Paul A. | ||
| 245 | 0 | |a Kinh tế học | |
| 245 | 0 | |c Paul A.Samuelson, William D. Nordhaus | |
| 260 | |a Hà Nội | ||
| 260 | |b Viện quan hệ Quốc tế | ||
| 260 | |c 1989 | ||
| 520 | |a Đây là một giáo trình kinh tế học hiện đại được dùng trong các trường đại học nhiều nước. Sách trình bày các vấn đề cơ bản một cách có hệ thống, ngắn gọn và dễ hiểu, các định nghĩa chuẩn xác, có nhiều ví dụ minh họa cho lí thuyết. Cuối mỗi chương có phần tóm tắt nội dung, bảng kê thuật ngữ chính và một số bài tập để củng cố phần lí thuyết và kiểm tra nhận thức. Phần kinh tế vi mô ở tập I; kinh tế vĩ mô ở tập II. | ||
| 526 | |a Lịch sử các học thuyết kinh tế | ||
| 526 | |b KT725 | ||
| 650 | |a Economic,Kinh tế học | ||
| 910 | |b dqhieu | ||
| 980 | |a Trung tâm Học liệu Trường Đại học Cần Thơ | ||